|
|
|
|
| LEADER |
00995nam a2200325 4500 |
| 001 |
DLU090093985 |
| 005 |
##20091201 |
| 040 |
# |
# |
|a DLU
|b eng
|
| 041 |
# |
# |
|a eng
|
| 044 |
# |
# |
|a us
|
| 100 |
# |
# |
|a Monteil-Rivera, Fanny.
|
| 245 |
# |
# |
|a Sorption and degradation of octahydro-1,3,5,7-tetranitro-1,3,5,7- tetrazocine in soil /
|c Fanny Monteil-Rivera, Carl Groom, Jalal Hawari.
|
| 653 |
# |
# |
|a Biodegradation
|
| 653 |
# |
# |
|a Mineralization
|
| 653 |
# |
# |
|a Nitrogen heterocycle
|
| 653 |
# |
# |
|a Selfpurification
|
| 653 |
# |
# |
|a Soil
|
| 653 |
# |
# |
|a Soil pollution
|
| 700 |
# |
# |
|a Groom, Carl.
|
| 700 |
# |
# |
|a Hawari, Jalal.
|
| 773 |
# |
# |
|t Environmental Science & Technology
|g Vol. 37, no. 17 (September 2003), p. 3878-3884
|
| 920 |
# |
# |
|a Phòng Tạp chí -- Trung tâm Thông tin - Thư viện Trường Đại học Đà Lạt
|
| 994 |
# |
# |
|a DLU
|
| 900 |
# |
# |
|a True
|
| 911 |
# |
# |
|a Trương Bảo Trâm Anh
|
| 925 |
# |
# |
|a G
|
| 926 |
# |
# |
|a A
|
| 927 |
# |
# |
|a BB
|
| 980 |
# |
# |
|a Thư viện Trường Đại học Đà Lạt
|